| 000 | 00824cab a2200265 4500 | ||
|---|---|---|---|
| 001 | ABS47957 | ||
| 008 | 090401t1993 xxu||||| |||| 00| 0 eng d | ||
| 035 | _a(Sirsi) u64197 | ||
| 041 | _aeng | ||
| 245 | _aEC growth package targets transport | ||
| 260 | _c1993 | ||
| 350 | _a0 | ||
| 490 |
_aBuilding _v258(7777) 15 January 1993, 22-23 (2) |
||
| 520 | _aExplains the role of the European Investment Bank and the European Investment Fund in allocating funding for construction projects in the EC. | ||
| 650 | _aCAPITAL PROJECTS | ||
| 650 | _aEC FUNDING | ||
| 650 | _aEUROPE | ||
| 650 | _aEUROPEAN INVESTMENT BANK | ||
| 650 | _aEUROPEAN INVESTMENT FUND | ||
| 650 | _aINFRASTRUCTURE PROJECTS | ||
| 690 | _aEUROPE-SINGLE MARKET | ||
| 690 | _aTRANSPORT AND COMMUNICATIONS | ||
| 942 | _n0 | ||
| 948 | _c04/03/1997 | ||
| 999 |
_c39970 _d39970 |
||